000 00384 a2200145 4500
001 170206
020 _a
040 _cMagnum
100 _aAgencia Regional de Noticias
240 1 0 _aClipping em educacao - 27/11/00 a 03/12/00 - ano ii - nº 67
_lpor
245 1 0 _aClipping em educacao - 27/11/00 a 03/12/00 - ano ii - nº 67
362 0 _a1899
697 _aENSINO
942 _cBK
999 _c170206
_d170206